000 00790nam0a22002531 4500
001 rc\3025827
005 20250806201511.0
035 _a(NLR Aleph) 007167246
090 _a24820
_c24820
100 _a20041008d1941 u y0rusy50 ca
101 0 _arus
102 _aRU
105 _aa z ||||y
200 1 _aСторожевое охранение
_fмайор Памфилов
210 _aМосква
_cВоениздат
_d1941
_eЛенинград
215 _a32 с.
_cсхем.
_d17 см
700 1 _aПамфилов
_bД.Н.
_gДмитрий Николаевич
801 0 _aRU
_bNLR
_gpsbo
801 1 _aRU
_bELAR
_2rusmarc
852 _aNLR
_jВ60 Г-2/5
942 _cBOOK
945 _aРоссийская национальная библиотека
980 _aNB
980 _aBV